| 000 | 00810nam a22002415a 4500 | ||
|---|---|---|---|
| 005 | 20150817155114.0 | ||
| 006 | a||||fr||z| 00| 0 | ||
| 008 | 150816t2001 ii a|||fr|||| 001 0 eng d | ||
| 020 | _a8126502169 | ||
| 040 |
_aEG-ScBUE _beng _cEG-ScBUE |
||
| 082 | 0 | 4 |
_a005.2762 _bGOO _222 |
| 100 | 1 |
_aGoodman, Danny. _918266 |
|
| 245 | 1 | 0 |
_aJavaScript examples Bible : _bthe essential companion to JavaScript Bible / _cDanny Goodman. |
| 260 |
_aNew Delhi : _bHungry Minds, _cc.2001. |
||
| 300 |
_axv, 525 p. : _bill. ; _c24cm. + _e1 CD-ROM (4 3/4 in.) |
||
| 500 | _aIndex : p. 499-525. | ||
| 590 | _ayassmeen ashraf | ||
| 650 |
_aJavaScript (Computer program language) _2BUEsh |
||
| 650 |
_aWorld Wide Web. _2BUEsh |
||
| 651 | _2BUEsh | ||
| 653 |
_bCOMSCI _cAugust2015 |
||
| 942 |
_cBB _k005.2762 GOO _2ddc |
||
| 999 |
_c513 _d513 |
||